| 000 | 00554nam a2200181Ia 4500 | ||
|---|---|---|---|
| 001 | 10730 | ||
| 005 | 20260306161853.0 | ||
| 008 | 260306t1959||||xx |||||||||||||| ||spa|| | ||
| 041 | _aESP | ||
| 082 |
_a946.28 _bF39 |
||
| 100 |
_aFernandez Almagro, Melchor _eAUT |
||
| 245 | 0 |
_aHistoria política de la España contemporánea: _bRegencia de Doña María Cristina de Austria durante la menor edad de su hijo Don Alfonso XIII |
|
| 260 | _c1959 | ||
| 300 |
_axv : 927 páginas : _c22 cm. |
||
| 650 | _aGEN | ||
| 654 | _aCHU | ||
| 942 |
_cLIB _dJUS _fJUS _2ddc _n |
||
| 999 |
_c10730 _d10730 |
||